Pays ou il y a le plus d'Ukrainiens - Statistiques

Statistiques générales
  • Ce quiz a été pris 245 fois
  • Le résultat moyen est 8 sur 11
Statistiques - réponses
Nombre Pays % Correct
1 927 988 Russie
100%
37 541 693 Ukraine
98%
159 000 Biélorussie
89%
49 000 Pologne
88%
51 703 Roumanie
83%
375 000 Moldavie
75%
27 530 Estonie
66%
45 699 Lettonie
64%
54 770 Slovaquie
54%
313 698 Kazakhstan
32%
21 924 Kirghizistan
14%
Aucun quiz correspondant
Distribution des résultats
% des personnes avec chaque résultat
Percentile par nombre de réponses
Votre historique - résultats
Vous n’avez pas pris ce quiz